A História da Arte em 15 Artistas - Statistics

Estatísticas Gerais
  • Esse quiz foi jogado 232 vezes
  • A pontuação média é 7 de 15
Estatísticas das Respostas
DICA RESPOSTA % Correto
Artista pós-impressionista holandês do século XIX que tinha transtornos mentais e era sustentado financeiramente pelo irmão Vincent Van Gogh
95%
Inspirou o nome de uma Tartaruga Ninja. A Pietà do Vaticano, de 1499, e a estátua de Davi, de 1501, são 2 das suas mais famoses esculturas. Também pintou a Capela Sistina Michelangelo
79%
Engenheiro, arquiteto, pintor e escultor italiano que pintou a obra de arte mais cara de todas, "Salvator Mundi", no século XV. Foi vendida em 2017 por U$450 milhões Leonardo Da Vinci
77%
Pintou o quadro "Guernica", que representa o horror e a barbárie da Guerra Civil Espanhola (1936-1939) ao retratar o bombardeio à cidade de Guernica Pablo Picasso
76%
Surrealista espanhól cujo rosto inspirou a máscara utilizada por assaltantes em uma das mais famosas séries de TV do mundo Salvador Dalí
75%
Artista mexicana que teve um caso com Leon Trótski, importante figura para a Revolução Russa e perseguido pelo governo stalinista Frida Kahlo
60%
Artista que pintou 18 vezes a ponte japonesa de seu jardim e cuja obra "Impressão, Sol Nascente", de 1872, deu origem ao movimento impressionista Claude Monet
55%
Uma das únicas mulheres da Semana de 22. Foi muito criticada por Monteiro Lobato, em 1917. Foi influenciada pelas vanguardas europeias (principalmente expressionismo) Anita Malfatti
44%
Estadunidense que foi um dos principais artistas da Pop Art e pintou Marilyn Monroe e Pelé repetidas vezes Andy Warhol
38%
Pintor brasileiro modernista que, a convite de Oscar Nienmeyer, em 1944, iniciou as obras de decoração da Pampulha, em Belo Horizonte Cândido Portinari
34%
Inglês que pintou "Menina com Balão". Algumas de suas artes são antiautoritaristas. Seus grafites aparecem nas ruas inesperadamente e atraem muita atenção na mídia Banksy
28%
Artista que pintou o quadro "A Liberdade Guiando o Povo" em 1830, quase 40 anos após o início da Revolução Francesa em 1789 Eugène Delacroix
28%
Pintor francês que pintou diversas obras de Napoleão Bonaparte. Veio para o Brasil em 1816, onde pintou diversas telas que representavam a escravidão do país Jean-Baptiste Debret
22%
Artista alemão que pintou "Andarilho sobre o Nevoeiro", de 1818 e "Dois Homens Contemplando a Lua", feito entre 1825 e 1830 Caspar David Friedrich
18%
Parisiense que pintou o quadro "Tarde de Domingo na Ilha de Grande Jatte", de 1885, e foi um dos fundadores do Neoimpressionismo. Utilizava a técnica do pontilhismo Georges Seurat
16%
Nenhum quiz correspondente encontrado
Distribuição das Pontuações
Porcentagem de Pessoas com Cada Pontuação
Percentil de Números Respondidos
Sua Pontuação Histórica
Você não jogou esse quiz